000 01782nam0a2200397 4500
001 RU\NLR\bibl\139519
005 20260405132209.0
020 _aRU
_b98-23016
_9Книжная летопись
021 _aRU
_b98-11906
_9563
035 _a(NLR Aleph) 000136671
090 _a781468
_c781468
100 _a19990528d1997 |||y0rusy50 ca
101 0 _arus
102 _aRU
105 _ay |||||||||
200 1 _aОпыт использования иностранных инвестиций в хозяйственном развитии страны
_fВ. П. Тимошенко, А. Э. Бедель
_g...Ин-т истории и археологии
210 _aЕкатеринбург
_cИн-т истории и археологии
_d1997
215 _a64,[3] с.
_d20
225 1 _aНаучный доклад
_fРос. акад. наук, Урал. отд-ние
320 _aБиблиогр.: с. 65 (12 назв.)
610 0 _aИностранный капитал в России
610 0 _aПромышленность - История
610 0 _aНовая экономическая политика (НЭП)
610 0 _aЭкономическая история
675 _a339.727.22(470)
_v3
_zrus
686 _a06.51
_2rugasnti
686 _a65.9(0)26
_2rubbk
700 1 _4070
_8rus
_7ca
_aТимошенко
_bВ. П.
_cд-р ист. наук
_gВладимир Петрович
_3RU\NLR\auth\7753066
_935999
701 1 _4070
_7ca
_8rus
_aБедель
_bА. Э.
_f1954-
_gАлександр Эмануилович
_9164630
_3RU\NLR\AUTH\770164674
801 0 _aRU
_bRKP
_c19990528
_gPSBO
801 1 _aRU
_bRKP
_c19990528
801 2 _aRU
_bNLR
_c20070613
_grcr
852 _aNLR
_j2000-4/5707
942 _cBOOK
980 _aNB